| 000 | 00575nam a2200181 i 4500 | ||
|---|---|---|---|
| 001 | 47385 | ||
| 003 | ES-MaACL | ||
| 005 | 20250620063015.0 | ||
| 007 | t| | ||
| 008 | 030407s1963 sp ||||1| spa d | ||
| 100 | 1 |
_aCorbera Fradera, Carolina, _d1926-1979 _940459 |
|
| 245 | 1 | 0 |
_aSinfonÃa de la calle _b: (poema en prosa) / _cCarolina Corbera Fradera ; (ilustración de la autora). |
| 260 |
_aMadrid : _b[s.n.], _c1963. |
||
| 300 |
_a473 p. ; _c17 cm. |
||
| 852 |
_aES-MaACL _jF-3568 _bR.52757 |
||
| 852 |
_aES-MaACL _jC-24706 _bR.52756 |
||
| 999 |
_c47385 _d47385 |
||